| 000 | 00629cam a22002291 4500 | ||
|---|---|---|---|
| 001 | ne 62001763 | ||
| 003 | DLC | ||
| 005 | 20260227111739.0 | ||
| 008 | 900525s1961 le 000 1 ararc | ||
| 010 | _ane 62001763 | ||
| 025 | _aPL480:UAR-667 | ||
| 035 | _a(OCoLC)21591577 | ||
| 040 |
_aPrinceton Univ. Libr. _cWaU _dDLC |
||
| 042 | _apremarc | ||
| 050 | 0 | 0 |
_aPJ7810.L35 _bK3 |
| 100 | 1 | _aʻAlāyilī, Wafīq. | |
| 245 | 1 | 0 |
_aKādīlāk _c[taʼlīf] Wafīq al-ʻAlāyilī. |
| 250 | _a[al-Ṭabʻah al-ūlá] | ||
| 260 |
_aBayrūt, _bMaktabat al-Maʻārif _c[1961] |
||
| 300 |
_a287 p. _c20 cm. |
||
| 500 | _aShort stories. | ||
| 999 |
_c45369 _d45369 |
||